1282 1753 1238 1173 1730 1111 1479 1203 1479 1702 1367 1212 1338 1210 1421 1444 1901 1740 1729 1118 1673 1743 1463 1675 1351 1737 1061 1885 1670 1053 1805 1794 1694 1844 1448 1882 1191 1271 1569 1597 1322 1637 1282 1783 1618 1043 1334 1127 1371 1451 1934 1939 1956 1781 1155 1444 1711 1862 1603 1947 1482 1643 1826 1845 1742 1015 1628 1802 1163 1108 1960 1797 1633 1665 1303 1456 1600 1602 1869 1623 1743 1286 1592 1955 1669 1074 1614 1299 1530 1483 1574 1619 1036 1600 1668 1515 1861 1781 1890 BCNSPRNW ULIB Ver.6.0+V

เปลี่ยนเป็นภาษาไทย

Change to English
 แสดงรายละเอียดบรรณานุกรม
  กลับหน้าหลัก

Brief Record : Get Marc (ISO 2709) : E-mail record : QR code < ปิดหน้าต่าง
LEADER : 00000nam 2200000uu 4500
001    13399112002
003     ULIB
008    110719s2551||||th 000 0 tha d
020    9741078349
090    นว.^bอ175อ 2551
100 0   อนาเซีย
245 00  อาณาจักรรักต้องห้าม/^cอนาเซีย
250     พิมพ์ครั้งที่ 1
260     กรุงเทพฯ :^bทูบีเลิฟ,^c2551
300     279 หน้า
945    ^p149^l0^i023615
995     เกษร
999     ^aใช้งานได้ทุกระบบ
รายการนี้ยังไม่มีแท็ก
คุณยังไม่ได้ล็อกอิน คุณสามารถมีกิจกรรมร่วมกับเว็บไซต์ได้ แต่ต้องล็อกอินก่อน ::
  ล็อกอิน

รายการสื่อสารสนเทศ

ลำดับที่ ประเภท เลขเรียก/บาร์โค้ด สถานที่ สถานะ
1. นวนิยาย
นวนิยาย
นว. อ175อ 2551  
  Barcode: 023615
ห้องสมุดวิทยาเขตสวรรค์ประชารักษ์
►นวนิยาย
บนชั้น
  ขอยืม

BibComment


ยังไม่เคยถูกคอมเมนท์

คอมเมนท์ทรัพยากรรายการนี้
  คอมเมนท์: อาณาจักรรักต้องห..


 Copyright 2026. Bcnsprnw @Library